000 00792cam a22002533a 4500
001 7153
003 PGUSA
005 20140828083141.0
008 041201s2004||||xxu|||||s|||||000 1 eng d
040 _aPGUSA
_beng
042 _adc
050 4 _aPR
100 1 _aHarris, Frank,
_d1856-1931
245 1 0 _aElder Conklin and other stories
_h[electronic resource] /
_cFrank Harris
260 _bProject Gutenberg,
_c2004
505 0 _aElder Conklin -- The Sheriff and his partner -- A modern idyll -- Eatin' crow -- The best man in Garotte -- Gulmore, the Boss.
506 _aPublic domain in the USA.
516 _aElectronic text
653 _aFiction
653 _aShort stories
830 0 _aProject Gutenberg
_v7153
856 4 0 _uhttp://www.gutenberg.org/ebooks/7153
942 _cEB
999 _c236473
_d236473